[Event "CRO-ch Men 2018"]
[Site "Pozega"]
[Date "2018.04.22"]
[Round "6.6"]
[White "Fercec, Nenad"]
[Black "Kozul, Zdenko"]
[Result "1/2-1/2"]
[WhiteElo "2446"]
[BlackElo "2611"]
[Annotator "TA"]
[PlyCount "92"]
[EventDate "2018.??.??"]
[EventType "tourn"]
[EventCountry "CRO"]
[SourceTitle "playchess.com"]
[Source "ChessBase"]
[SourceQuality "1"]

{[%evp 22,92,18,13,20,38,12,-20,-35,-29,-44,-37,0,0,0,0,0,0,17,3,4,8,8,0,0,0,0,0,0,0,8,0,0,0,0,0,0,-4,-9,-12,-1,-21,0,0,0,0,0,0,0,0,0,0,0,0,0,0,0,0,-1,-3,0,0,0,0,0,0,0,0,0,0,0,0,0]} 1. e4 c5 2. Nf3 e6 3. d4 cxd4 4. Nxd4 a6 5. Nc3 Qc7 6. Bd3 Nf6 7. Qe2 d6 8. g4 {B43: Sicilian: Kan Variation: 5 Nc3} (8. f4 Nbd7 9. Bd2 g6 10. Bc4 b5 11. Bxe6 fxe6 12. Nxe6 Qb7 13. e5 dxe5 14. fxe5 Nh5 15. Nd5 Nc5 16. Nec7+ Kf7 17. g4 Ne6 18. Rf1+ Kg8 19. Qf3 Nhf4 20. Bxf4 Nxc7 21. Bh6 {1-0 (21) Mamedov,R (2678)-Kveinys,A (2535) Antalya 2017}) 8... Nc6 9. Nb3 Be7 10. g5 Nd7 11. Be3 b5 12. f4 $146 {LiveBook: 3 Games} ({Predecessor:} 12. a4 b4 13. Nb1 Nce5 14. N1d2 Nc5 15. Nxc5 dxc5 {0-1 (38) Jurkovic,A (2318)-Farago,I (2475) Bizovac 2008}) 12... Nc5 13. Nxc5 dxc5 14. e5 Bb7 {Threatens to win with ...Nd4.} 15. Be4 O-O-O 16. O-O b4 (16... Kb8 $15) 17. Na4 $11 {The position is equal.} Nd4 18. Qg2 Nf5 19. Bxb7+ Qxb7 20. Qxb7+ Kxb7 21. Bxc5 Rd2 22. Rad1 Rhd8 23. Rxd2 Rxd2 24. Bxe7 Nxe7 {[%mdl 4096] Endgame KRN-KRN} 25. Rf2 Rd1+ 26. Rf1 Rd4 27. Nc5+ Kb6 28. Nd3 $1 Nd5 29. Rf3 a5 30. b3 g6 31. Kf1 Re4 32. Rh3 Ne3+ $1 33. Kf2 Nxc2 34. Rxh7 Nd4 35. Nc1 $1 Rxf4+ 36. Ke3 Rg4 37. Rxf7 Nf5+ 38. Kd3 Rd4+ 39. Ke2 $1 Rh4 40. Rf6 Kc5 41. Nd3+ Kd5 42. h3 Re4+ 43. Kd2 Rd4 {[#] aiming for ...Ke4.} 44. Ke2 ({Avoid the trap} 44. Rxg6 $2 Ke4 $19) 44... Re4+ 45. Kd2 Rd4 {Strongly threatening ...Ke4.} 46. Ke2 ({Not} 46. Rxg6 $2 Ke4 $19) 46... Re4+ {Precision: White = 81%, Black = 89%.} 1/2-1/2

[Event "CRO-ch Men 2018"]
[Site "Pozega"]
[Date "2018.04.23"]
[Round "7.1"]
[White "Kozul, Zdenko"]
[Black "Kuljasevic, Davorin"]
[Result "1-0"]
[WhiteElo "2611"]
[BlackElo "2538"]
[Annotator "TA"]
[PlyCount "72"]
[EventDate "2018.??.??"]
[EventType "tourn"]
[EventCountry "CRO"]
[SourceTitle "playchess.com"]
[Source "ChessBase"]
[SourceQuality "1"]

{[%evp 12,72,0,0,-8,0,14,0,0,-29,-32,-40,-30,-36,-18,-40,-29,-29,-22,-25,-27,-58,-29,-32,-21,-53,-16,-50,0,0,0,0,0,0,0,0,0,0,121,132,126,127,153,145,130,139,513,514,608,583,29976,29977,29976,29943,29977,29978,29978,29979,29973,1035,29974,29975,6008]} 1. Nf3 d5 2. c4 d4 3. b4 Bg4 4. d3 (4. Qb3 Nf6 5. g3 Bxf3 6. Qxf3 c6 7. Bg2 e5 8. Qb3 Nbd7 9. O-O a5 10. b5 Nc5 11. Qd1 Rc8 {1-0 (49) Svidler,P (2765)-Zhigalko,S (2641) Riadh 2017}) 4... Bxf3 5. exf3 e5 6. a3 {A09: Réti Opening: 1 Nf3 d5 2 c4} a5 7. b5 {LiveBook: 3 Games} Bd6 8. g3 {The position is equal.} Nd7 9. Nd2 Ngf6 {[%cal Bg8f6,Bf6d7,Bd7c5,Bc5b3][%mdl 32]} 10. Bg2 $146 ({Predecessor:} 10. a4 Bb4 11. Bg2 Nc5 {0-1 (64) Yakubboev,N (2274)-Korneev,O (2600) Tashkent 2015}) 10... Nc5 11. Qc2 O-O 12. O-O Nfd7 13. Bb2 Qf6 14. Ne4 Nxe4 15. fxe4 a4 16. Bc1 Nc5 17. f4 Qd8 18. Ra2 c6 19. Bh3 cxb5 20. fxe5 Bxe5 21. cxb5 Nb3 22. Bf4 Bxf4 23. Rxf4 Qe7 24. b6 Qc5 (24... Nc5 $1 $11 {remains equal.}) 25. Qxc5 $16 Nxc5 {[#]} 26. Rf5 $1 $36 {[%cal Rf5c5][%mdl 2048] White is really pushing.} Nxd3 {[#]} 27. Bf1 $1 {[%cal Rf1d3]} Nc1 28. Rc2 Rac8 $2 {[%mdl 8192]} (28... g6 $16 {is tougher.} 29. Rd5 Nb3) 29. Rc7 $18 d3 {[#]} 30. Rfxf7 $1 {[%mdl 512]} Rfd8 (30... Rxf7 31. Rxc8+) 31. Rxg7+ Kf8 32. Rxh7 {[%cal Rh7h8]} Kg8 33. Rcg7+ Kf8 34. Rxb7 {[%cal Rh7h8]} Kg8 35. Rbg7+ Kf8 36. Rc7 {[%cal Rh7h8]} Kg8 {Precision: White = 68%, Black = 51%.} 1-0

[Event "CRO-ch Men 2018"]
[Site "Pozega"]
[Date "2018.04.23"]
[Round "7.2"]
[White "Saric, Ante"]
[Black "Fercec, Nenad"]
[Result "1/2-1/2"]
[WhiteElo "2541"]
[BlackElo "2446"]
[Annotator "TA"]
[PlyCount "99"]
[EventDate "2018.??.??"]
[EventType "tourn"]
[EventCountry "CRO"]
[SourceTitle "playchess.com"]
[Source "ChessBase"]
[SourceQuality "1"]

{[%evp 16,99,25,44,64,46,77,47,56,44,87,81,83,76,112,116,126,120,120,127,138,133,188,134,147,133,131,135,139,123,131,128,128,118,121,127,106,99,119,68,88,59,100,85,74,41,200,188,220,27,176,44,37,45,68,37,79,75,119,119,175,4,3,14,66,66,66,66,66,71,77,58,63,57,57,58,79,12,10,7,7,0,8,0,10,0]} 1. c4 Nf6 2. Nf3 e6 3. g3 b6 4. Bg2 Bb7 5. O-O g6 6. d4 Bg7 7. Nc3 O-O 8. Bf4 {A50: Queen's Fianchetto Defence (1 d4 Nf6 2 c4 b6)} d6 9. Qc2 {LiveBook: 5 Games} Nc6 (9... Nbd7 10. Rad1 Qe7 11. e4 e5 12. Bc1 Rfe8 13. Nd5 Nxd5 14. cxd5 Rac8 15. dxe5 dxe5 {½-½ (68) Wang,Y (2690)-Mamedyarov,S (2804) chess.com INT 2018}) 10. Rad1 {White is slightly better.} h6 $146 ({Predecessor:} 10... Qe7 11. Rfe1 h6 12. e4 Nh5 13. Be3 Rae8 14. h3 {1-0 (41) Sebenik,M (2512)-Shengelia,D (2573) Zillertal 2015}) 11. h3 Qe7 12. Rfe1 Rab8 13. e4 Nd7 14. Be3 Na5 15. b3 a6 16. Qd2 Kh7 17. Nh2 Rbd8 18. f4 f5 (18... Rfe8 $16 {is a better defense.} 19. Nf3 Kh8) 19. Bf2 ({Better is} 19. exf5 $18 gxf5 20. Bxb7 Nxb7 21. Nf3) 19... Qf7 $16 20. exf5 gxf5 21. d5 e5 22. Ne2 Bc8 23. Nf3 Nb7 24. Nh4 Kg8 25. b4 Nf6 26. Qc2 Nh5 27. fxe5 (27. Rf1 $16) 27... dxe5 $14 28. c5 (28. Rf1 {looks sharper.} Nd6 29. c5 bxc5 30. bxc5 Ne4 31. Bxe4 fxe4 32. g4) 28... e4 29. cxb6 cxb6 30. Bxb6 Rxd5 $2 (30... Rd6 $1 $14 31. Bd4 Bxd4+ 32. Rxd4 Bd7) 31. Rxd5 $18 Qxd5 32. Be3 $2 (32. Ng6 $18 {Strongly threatening Ne7+.} Qd6 33. Nxf8 Qxb6+ 34. Kh2) 32... Be6 {[#]} (32... Rd8 $1 $11 {and Black has nothing to worry.}) 33. Ng6 (33. g4 $1 $18 {[%mdl 512]}) 33... Rf7 $14 34. a3 Qc4 35. Rc1 Qxc2 36. Rxc2 Nd6 37. Rc6 Nc4 (37... Rd7 $16) 38. Rxe6 $2 ({And not} 38. Rxa6 Nxe3 39. Rxe6 Rd7 $11) (38. Bf2 $18 Rf6 39. Ne7+ Kf7 40. Rc7) 38... Nxe3 $11 39. g4 Rf6 (39... fxg4 $11 40. hxg4 Nf6) 40. Rxf6 $14 Nxf6 41. Ne7+ Kh7 42. Nxf5 Nc2 43. a4 Nxb4 44. Neg3 Nd3 45. Nxe4 Nb2 46. Nc3 (46. Nxg7 $16 Nxe4 47. Ne6 (47. Bxe4+ Kxg7 48. Bc2 Kf6 $16)) 46... Bh8 $11 {The position is equal.} 47. Ne7 Bg7 48. Nf5 Bh8 $1 49. Ne7 Bg7 50. Nf5 {Precision: White = 50%, Black = 42%.} 1/2-1/2

[Event "CRO-ch Men 2018"]
[Site "Pozega"]
[Date "2018.04.23"]
[Round "7.3"]
[White "Stevic, Hrvoje"]
[Black "Palac, Mladen"]
[Result "1/2-1/2"]
[WhiteElo "2587"]
[BlackElo "2551"]
[Annotator "TA"]
[PlyCount "18"]
[EventDate "2018.??.??"]
[EventType "tourn"]
[EventCountry "CRO"]
[SourceTitle "playchess.com"]
[Source "ChessBase"]
[SourceQuality "1"]

{[%evp 9,18,8,8,-1,0,-29,0,-175,-37,-30,0]} 1. e4 c5 2. d3 b6 (2... Nc6 3. f4 Nf6 4. Be2 g6 5. Nf3 d5 6. Nc3 d4 7. Nb1 Bh6 8. O-O Qc7 9. Ng5 Bg7 10. a4 h6 11. Nf3 {½-½ (47) McShane,L (2640)-Rapport,R (2707) Riadh 2017}) 3. f4 Bb7 4. Nf3 g6 5. Be2 Bg7 6. O-O {B20: Sicilian: Unusual White 2nd moves} Nh6 $146 ({Predecessor:} 6... Nc6 7. c3 d5 8. Qe1 Qd7 9. a4 Nh6 10. h3 {½-½ (48) Forsaa,E (1830)-Gislason,G (2314) Reykjavik 2014}) 7. Kh1 O-O 8. Be3 $2 {[#]} (8. f5 $11) 8... Ng4 (8... Bxb2 $19 9. Nbd2 Ng4) 9. Bc1 $1 $15 Nh6 1/2-1/2

[Event "CRO-ch Men 2018"]
[Site "Pozega"]
[Date "2018.04.23"]
[Round "7.4"]
[White "Martinovic, Sasa"]
[Black "Jovanovic, Zoran"]
[Result "0-1"]
[WhiteElo "2594"]
[BlackElo "2536"]
[Annotator "TA"]
[PlyCount "80"]
[EventDate "2018.??.??"]
[EventType "tourn"]
[EventCountry "CRO"]
[SourceTitle "playchess.com"]
[Source "ChessBase"]
[SourceQuality "1"]

{[%evp 11,80,0,15,9,9,13,10,20,15,12,22,12,32,-6,-1,-77,-87,-135,-129,-128,-120,-131,-103,-191,-188,-181,-162,-152,-129,-116,-122,-127,-4,-130,-114,-133,-133,-129,-120,-123,-102,-107,-126,-153,-141,-234,-233,-448,-448,-455,-447,-418,-360,-330,-172,-195,-205,-320,-217,-3631,-2323,-4670,-4626,-29981,-29980,-29980,-29981,-29980,-29981,-29981,-29980]} 1. d4 d6 2. c4 e5 3. Nf3 e4 4. Ng5 f5 5. Nc3 c6 6. Nh3 Be7 {LiveBook: 195 Games} 7. Bf4 {A21: English Opening: 1...e5 2 Nc3} (7. b4 Nf6 8. Bg5 Be6 9. e3 O-O 10. Be2 Nbd7 11. Nf4 Bf7 12. h4 c5 13. bxc5 dxc5 14. d5 Ne5 {1-0 (43) Volkov,S (2627)-Movsziszian,K (2485) Sitges 2017}) 7... Nf6 8. e3 O-O 9. Bg3 {The position is equal.} Na6 10. Be2 Nc7 11. O-O h6 $146 ({Predecessor:} 11... Kh8 12. d5 c5 13. f3 Qe8 14. fxe4 fxe4 {1-0 (28) Vidalina,F (2327)-Suhorukow,A (2270) IECG email 2005}) 12. d5 g5 13. f3 (13. dxc6 $11 bxc6 14. f3) 13... exf3 14. Bxf3 g4 15. dxc6 gxf3 16. Qxf3 bxc6 17. Qxc6 (17. b3 $17) 17... Rb8 $1 $19 18. c5 {[%cal Rc5d6]} Bb7 19. Qa4 Ne4 20. Nxe4 Bxe4 21. Nf2 Qe8 (21... Rxb2 22. Nxe4 dxc5 23. Qc6 $16 (23. Qxa7 fxe4 24. Be5 Rc2 $14)) (21... Ba8 $1 $17 {...Qe8 is the strong threat.} 22. Rad1 Nd5) 22. Qd1 (22. Qa3 $1 $11 Bg5 23. cxd6) 22... Bg5 $1 $17 23. cxd6 Nd5 (23... Bxe3 $6 24. dxc7 Rxb2 25. Kh1 $11) 24. d7 Qxd7 {And now ...Bxg2! would win.} 25. Bxb8 Rxb8 26. Nxe4 fxe4 27. Kh1 {[#]} Qe6 $1 {[%mdl 1024] Black has strong compensation.} ({Weaker is} 27... Bxe3 28. Qh5 $11) ({Resist} 27... Rxb2 28. Rb1 $17) 28. Qa4 (28. Qe2 $17) 28... Nxe3 $19 ({Much less strong is} 28... Bxe3 29. Qa3 $17) 29. Qxa7 $2 (29. Rfe1 {keeps fighting.} Ng4 30. Rab1) 29... Rc8 30. Rf2 Ng4 {Hoping for ...Be3.} 31. Re2 Qe5 {[%csl Gg4][%cal Re5h2]} 32. Qg1 {[#]} e3 $40 {[%mdl 128] Black goes for the king.} (32... Rc2 $142 $1 {[%mdl 512]} 33. Rxc2 Be3 34. Rc8+ Kg7) 33. h3 Nf6 34. Qh2 (34. Rae1 {only move.}) 34... Qe4 35. Rf1 $2 (35. h4 Ng4 36. Qg3) 35... Nh5 36. Kg1 Nf4 37. Ree1 Rc2 {Black mates.} 38. Rf3 Rxg2+ 39. Qxg2 Nxg2 40. Kxg2 e2 {Precision: White = 38%, Black = 73%.} 0-1

[Event "CRO-ch Men 2018"]
[Site "Pozega"]
[Date "2018.04.23"]
[Round "7.5"]
[White "Kovacevic, Blazimir"]
[Black "Brkic, Ante"]
[Result "1-0"]
[WhiteElo "2493"]
[BlackElo "2596"]
[Annotator "TA"]
[PlyCount "55"]
[EventDate "2018.??.??"]
[EventType "tourn"]
[EventCountry "CRO"]
[SourceTitle "playchess.com"]
[Source "ChessBase"]
[SourceQuality "1"]

{[%evp 27,55,17,27,0,122,108,134,128,116,54,66,72,77,68,69,71,57,50,94,93,94,39,93,92,235,251,743,734,1045,1242]} 1. d4 Nf6 2. Nf3 d5 3. g3 c5 4. Bg2 cxd4 5. O-O e6 6. Nxd4 e5 7. Nf3 Nc6 8. c4 d4 9. e3 Be7 10. exd4 exd4 11. Bf4 Be6 {E01: Catalan: Early deviations} 12. Re1 O-O 13. Ne5 Qb6 14. Nd2 {[%cal Bb1d2,Bd2b3,Bb3d4][%mdl 32]} Rac8 {LiveBook: 12 Games} ({Much weaker is} 14... Qxb2 15. Rb1 $16) 15. a3 {[#]} Qxb2 $146 (15... Nxe5 $11 {keeps the balance.} 16. Rxe5 Qa6) ({Predecessor:} 15... d3 16. b4 Nxe5 17. c5 Qa6 18. Bxe5 Ng4 19. Bc3 Bf6 20. Qc1 Rfd8 {½-½ (35) Dubov,D (2660)-Nepomniachtchi,I (2751) Sochi 2017}) 16. Bxc6 $1 $16 bxc6 {[#]} 17. Nb3 $1 {Hoping for Re2.} Rb8 ({Wrong is} 17... Bxa3 $2 18. Re2 $18) 18. Rb1 (18. Nxc6 $16 Rxb3 19. Nxe7+ Kh8 20. Be5) 18... Qxa3 $14 19. Nxc6 Rb7 20. Nbxd4 Rxb1 $1 21. Nxe7+ Qxe7 22. Qxb1 Qc5 23. Nxe6 fxe6 24. Qb5 (24. Qa2 $16) 24... Rc8 ({Black should play} 24... Qxb5 $14 25. cxb5 Nd5) 25. Rxe6 $16 Qd4 {[#]} (25... Qxc4 $16 {was worth a try.} 26. Qxc4 Rxc4) 26. Re7 $1 $18 Rd8 $2 (26... Rf8 27. Qa6 h6 28. Qxa7 Qxa7 29. Rxa7 Rc8) 27. Qg5 {[%csl Ge7][%cal Rg5g7]} g6 28. Qh6 {Precision: White = 60%, Black = 31%.} 1-0

[Event "CRO-ch Men 2018"]
[Site "Pozega"]
[Date "2018.04.23"]
[Round "7.6"]
[White "Saric, Ivan"]
[Black "Bosiocic, Marin"]
[Result "1-0"]
[WhiteElo "2677"]
[BlackElo "2605"]
[Annotator "TA"]
[PlyCount "91"]
[EventDate "2018.??.??"]
[EventType "tourn"]
[EventCountry "CRO"]
[SourceTitle "playchess.com"]
[Source "ChessBase"]
[SourceQuality "1"]

{[%evp 15,91,5,8,4,15,-1,0,-15,-14,-21,0,-12,0,0,0,0,20,14,18,10,17,-18,0,5,52,49,48,11,20,23,17,20,18,20,28,29,36,40,68,41,63,53,62,52,52,46,49,26,34,20,45,17,29,16,20,17,17,16,13,13,35,40,51,47,64,80,453,442,1088,1106,1067,1058,1527,1513,1538,1526,2521,2527]} 1. e4 e5 2. Nf3 Nc6 3. Bb5 Nf6 4. d3 Bc5 5. Nbd2 O-O 6. O-O d6 7. c3 a6 {C65: Ruy Lopez: Berlin Defence (3...Nf6), unusual lines and 4 0-0 Bc5} 8. Bxc6 bxc6 {LiveBook: 59 Games} 9. Qc2 (9. d4 exd4 10. cxd4 Bb6 11. Qc2 c5 12. d5 Re8 13. b3 Bg4 14. Bb2 Bh5 15. Rae1 {1-0 (57) Anand,V (2782)-Grischuk,A (2772) Riadh 2017}) 9... Bb6 {The position is equal.} 10. a4 $146 {[%cal Ba2a4,Ba4a5][%mdl 32]} ({Predecessor:} 10. d4 exd4 11. cxd4 Bg4 12. e5 dxe5 13. dxe5 Nd7 14. b3 Re8 15. Bb2 {½-½ (25) Razumikhin,A (2320)-Batrakov,A (2519) ICCF email 2015}) 10... Re8 11. a5 Ba7 12. Re1 Bg4 13. h3 Bh5 14. Qa4 $36 {[%mdl 2048] White is more active.} c5 15. Qc6 Qc8 16. Nh4 Rb8 17. Nc4 Re6 18. Nf5 Kh8 {[#] White must now prevent ...d5.} 19. Qa4 Qd7 20. Qxd7 Nxd7 21. g4 Bg6 22. Nh4 f6 23. Nxg6+ hxg6 24. f4 Rb5 25. f5 gxf5 26. gxf5 Re7 27. Be3 Bb8 28. Reb1 c6 29. b4 cxb4 30. cxb4 Bc7 31. Na3 Rb7 32. h4 {[%cal Bh3h4,Bh4h5][%mdl 32]} Kg8 33. h5 Kf7 34. Kg2 Re8 35. Rc1 Nb8 $1 36. Rab1 Rh8 37. Rh1 Ke8 38. Kf3 d5 39. exd5 cxd5 40. b5 Kd7 $2 {[%mdl 8192]} ({But not} 40... Bxa5 $2 41. bxa6 Rxb1 42. a7 $18) (40... axb5 $16 {is tougher.} 41. Nxb5 Kd7) 41. Rhg1 $18 {White is clearly winning.} Rh7 (41... Kc8 $142 42. Rxg7 Rxh5 43. bxa6 Nxa6) 42. bxa6 Rxb1 {[#]} 43. a7 $1 Nc6 44. a8=Q Rb8 45. Qa6 Rb2 46. Rc1 {Precision: White = 76%, Black = 38%.} 1-0

[Event "CRO-ch Men 2018"]
[Site "Pozega"]
[Date "2018.04.24"]
[Round "8.1"]
[White "Kuljasevic, Davorin"]
[Black "Bosiocic, Marin"]
[Result "0-1"]
[WhiteElo "2538"]
[BlackElo "2605"]
[Annotator "TA"]
[PlyCount "84"]
[EventDate "2018.??.??"]
[EventType "tourn"]
[EventCountry "CRO"]
[SourceTitle "playchess.com"]
[Source "ChessBase"]
[SourceQuality "1"]

{[%evp 27,84,21,21,16,13,13,25,0,33,0,0,-9,0,-52,-47,-62,-51,-46,-43,-90,-18,-37,0,-64,-81,-218,-218,-240,-198,-207,-202,-569,-574,-577,-562,-643,-592,-534,-496,-496,-506,-506,-505,-504,-505,-497,-485,-490,-472,-490,-508,-465,-508,-492,-491,-465,-466,-450,-454]} 1. d4 Nf6 2. c4 e6 3. Nf3 b6 4. g3 Ba6 5. b3 Bb4+ 6. Bd2 Be7 7. Nc3 d5 8. cxd5 exd5 9. Bg2 O-O 10. O-O Bb7 11. Bc1 Nbd7 12. Bb2 Re8 13. Rc1 a6 14. e3 {E17: Queen's Indian: 4 g3 Bb7 5 Bg2 Be7} Bd6 {LiveBook: 9 Games} 15. Nd2 (15. Qc2 Qe7 16. Ne2 c6 {½-½ (67) Lenderman,A (2600)-Yilmaz,M (2619) Reykjavik 2018}) 15... Ne4 $146 ({Predecessor:} 15... Qe7 16. Nc4 Bb4 17. Nb1 Ne4 18. a3 Bd6 19. Nxd6 Qxd6 20. a4 c6 21. Ba3 Qh6 {0-1 (52) Tonoli,W (2285)-Docx,S (2270) Belgium 1996}) 16. Ncxe4 {The position is equal.} dxe4 17. Nc4 Bd5 18. Qc2 Nf6 19. Rfd1 ({Don't play} 19. Nxd6 cxd6 20. Qc7 Rc8 $14) 19... b5 20. Na5 (20. Nxd6 $11 cxd6 21. Qe2) 20... Qd7 $15 21. Qd2 Rac8 22. Rc2 h5 {[%cal Bh7h5,Bh5h4][%mdl 32]} 23. Bc3 c6 ({Black should try} 23... h4 $1 $17) 24. Bb4 $11 Bb8 25. Qe2 (25. h4 $11) 25... h4 $1 $15 26. Qf1 {[#]} (26. Rdc1 $17 {only move.}) 26... Nh7 $1 $19 27. Bh3 {[#]} f5 $1 28. gxh4 g5 29. hxg5 $2 (29. Rdc1 {is tougher.}) 29... Nxg5 {Black is clearly winning.} 30. Qg2 Kh8 31. Kf1 Rg8 32. Ke2 Qh7 33. Be7 Qh5+ ({Weaker is} 33... Qxh3 34. Qxh3+ Nxh3 35. Nb7 $19) (33... Qxe7 34. Bxf5 Rcf8 35. Qg4 $19) 34. Bg4 fxg4 35. Kd2 Nf3+ 36. Kc1 Qh3 37. Qh1 Bxh2 38. Kb2 Bb8 39. Rdc1 Qxh1 40. Rxh1+ Kg7 41. Rhc1 Kf7 42. Bb4 Rg6 {Precision: White = 35%, Black = 80%.} 0-1

[Event "CRO-ch Men 2018"]
[Site "Pozega"]
[Date "2018.04.24"]
[Round "8.2"]
[White "Brkic, Ante"]
[Black "Saric, Ivan"]
[Result "1/2-1/2"]
[WhiteElo "2596"]
[BlackElo "2677"]
[Annotator "TA"]
[PlyCount "34"]
[EventDate "2018.??.??"]
[EventType "tourn"]
[EventCountry "CRO"]
[SourceTitle "playchess.com"]
[Source "ChessBase"]
[SourceQuality "1"]

{[%evp 22,23,6,8]} 1. e4 e5 2. Nf3 Nc6 3. Nc3 Nf6 4. d4 exd4 5. Nxd4 Bb4 6. Nxc6 bxc6 7. Bd3 O-O 8. O-O d5 9. exd5 cxd5 10. h3 {C47: Scotch Four Knights and Four Knights with 4 g3} c6 11. Qf3 Rb8 12. Bf4 {LiveBook: 57 Games} {Predecessor:} Bd6 $146 13. b3 Rb4 14. Bxd6 Qxd6 15. Qg3 Qxg3 16. fxg3 Be6 17. a3 Rbb8 {½-½ (31) Piorun,K (2637)-Tomashevsky,E (2744) Doha 2015} 1/2-1/2

[Event "CRO-ch Men 2018"]
[Site "Pozega"]
[Date "2018.04.24"]
[Round "8.3"]
[White "Jovanovic, Zoran"]
[Black "Kovacevic, Blazimir"]
[Result "1-0"]
[WhiteElo "2536"]
[BlackElo "2493"]
[Annotator "TA"]
[PlyCount "59"]
[EventDate "2018.??.??"]
[EventType "tourn"]
[EventCountry "CRO"]
[SourceTitle "playchess.com"]
[Source "ChessBase"]
[SourceQuality "1"]

{[%evp 14,59,32,0,33,13,34,16,316,310,660,656,639,645,739,358,343,346,343,285,278,279,279,278,274,243,272,271,271,272,306,304,327,336,344,344,312,252,402,379,414,420,487,479,468,470,464,456]} 1. e4 d5 2. exd5 Qxd5 3. Nc3 Qa5 4. Bc4 Nf6 5. d3 c6 6. Bd2 Qc7 7. Qe2 e6 {B01: Scandinavian Defence} (7... Bf5 8. h3 h5 9. Nf3 Nbd7 10. O-O Nb6 11. Bb3 Nbd5 12. Nxd5 Nxd5 13. Nd4 Bd7 14. Bxd5 cxd5 15. c4 dxc4 16. dxc4 {½-½ (48) Efimenko,Z (2651)-Kryvoruchko,Y (2659) Kiev 2013}) 8. Nf3 {LiveBook: 5 Games} Bd6 9. Ne4 Nxe4 {The position is equal.} 10. dxe4 e5 $146 {[%mdl 8192]} (10... Nd7 $11 {and Black stays safe.}) ({Predecessor:} 10... Nd7 11. O-O-O b5 12. Bd3 a6 13. Bc3 Ne5 14. Nxe5 Bxe5 15. Bxe5 Qxe5 {1-0 (37) Ros Alonso,J (1897)-Garcia Alvarez,P (1512) Padron 2016}) 11. Ng5 $18 O-O $2 (11... Rf8 12. Nxh7 Rg8) 12. Qh5 {[%csl Gg5][%cal Rh5h7] [#]} h6 13. h4 Be6 14. Nxe6 (14. Bxe6 $142 fxe6 15. Nxe6) 14... fxe6 15. Bxe6+ Kh8 16. Bf5 Qf7 17. Qxf7 Rxf7 18. Rd1 Bc7 19. Ke2 Na6 20. g4 {[%cal Bg2g4,Bg4g5][%mdl 32]} Raf8 21. Rh2 Rf6 22. Bc3 Nc5 23. g5 Rd6 24. Rxd6 Bxd6 25. b3 Re8 (25... g6 {might work better.}) 26. gxh6 gxh6 27. f4 Ne6 28. Bxe6 {White is clearly winning.} Rxe6 29. Rg2 Kh7 30. h5 {Precision: White = 66%, Black = 26%.} 1-0

[Event "CRO-ch Men 2018"]
[Site "Pozega"]
[Date "2018.04.24"]
[Round "8.4"]
[White "Palac, Mladen"]
[Black "Martinovic, Sasa"]
[Result "1/2-1/2"]
[WhiteElo "2551"]
[BlackElo "2594"]
[Annotator "TA"]
[PlyCount "56"]
[EventDate "2018.??.??"]
[EventType "tourn"]
[EventCountry "CRO"]
[SourceTitle "playchess.com"]
[Source "ChessBase"]
[SourceQuality "1"]

{[%evp 18,56,8,0,7,4,16,15,20,23,18,19,30,21,27,25,29,15,26,15,25,14,33,14,66,66,79,88,70,92,58,0,180,-43,-40,-52,190,0,0,-26,193]} 1. c4 e6 2. Nc3 d5 3. d4 Nf6 4. cxd5 exd5 5. Bg5 c6 6. e3 h6 7. Bh4 Be7 8. Bd3 O-O 9. Nge2 {[%cal Bg1e2,Be2g3,Bg3f5][%mdl 32] D35: Queen's Gambit Declined: Exchange Variation} Nbd7 10. f3 {LiveBook: 4 Games} b5 {[%cal Bb7b5,Bb5b4][%mdl 32]} 11. O-O {The position is equal.} Bb7 $146 ({Predecessor:} 11... Nb6 12. Bf2 a5 13. Ng3 b4 14. Nce2 c5 15. dxc5 Bxc5 16. Rc1 {1-0 (51) Harikrishna,P (2750)-Adams,M (2747) Moscow 2017}) 12. Bf2 a6 13. Ng3 c5 14. Nf5 c4 15. Bc2 b4 16. Nxe7+ Qxe7 17. Ne2 Rfe8 18. Ng3 g6 19. Re1 h5 $1 20. Qd2 a5 (20... Qf8 $11) 21. e4 $1 $14 h4 {[#]} 22. Nf5 $1 {[%cal Rf5e7]} gxf5 23. Qg5+ Kh8 {[%cal Rf5e4]} 24. Bxh4 ({Better is} 24. exf5 $14 Qf8 25. Qxh4+ Kg8 26. Qg3+ Kh7 27. Qc7) 24... fxe4 $2 (24... dxe4 $11 {and Black is okay.} 25. Qh6+ Kg8 26. Qg5+ Kh8 27. Qh6+ Kg8 28. Qg5+ Kh8) 25. Qh6+ $2 (25. fxe4 $18 Qe6 26. Rf1 dxe4 27. Ba4) 25... Kg8 $15 {aiming for ...Qf8.} 26. Qg5+ Kh8 $2 {[#]} (26... Kh7 $15 {keeps the upper hand.} 27. fxe4 dxe4 28. Qf5+ Kh8) 27. Qh6+ $2 ({White has to play} 27. fxe4 $1 $18 Ra6 28. e5) 27... Kg8 $11 {White must now prevent ...Qf8.} 28. Qg5+ Kh8 $2 {Precision: White = 50%, Black = 39%.} (28... Kh7 $11 29. fxe4 dxe4 30. Qf5+ Kh8) 1/2-1/2